| 000 | 00483nam a2200169 a 4500 | ||
|---|---|---|---|
| 001 | 000034403 | ||
| 005 | 20200930073700.0 | ||
| 008 | 111004s2004 br 000 0 spa d | ||
| 040 |
_aDO-SdBNP _bpor _cBNPHU |
||
| 082 |
_axxxx _bL131d |
||
| 100 | 1 |
_aLacerda, Nair _959830 |
|
| 245 | 1 | 0 |
_aDiccionário de pensamientos / _cNair Lacerda (organizadora). |
| 260 |
_aSao Paulo : _bCultrix, _c[19--?]. |
||
| 300 |
_a252 p. ; _c20 cm. |
||
| 504 | _aBibliografĂa : p. 221-223 | ||
| 049 | _aBNPD | ||
| 999 |
_c33894 _d33894 |
||